| 000 | 00924nam a2200241 i 4500 | ||
|---|---|---|---|
| 001 | 46757 | ||
| 003 | ES-MaACL | ||
| 005 | 20230906161437.0 | ||
| 007 | t| | ||
| 008 | 030401s1983 sp ||||1| spa d | ||
| 020 | _a84-249-0876-7 | ||
| 080 | _a807:061.3(46)"1981" | ||
| 080 | _a008(37+38):061.3(46)"1981" | ||
| 111 | 2 |
_aCongreso Español de Estudios Clásicos ( _n6º. _d1981. _cSevilla) _9349 |
|
| 245 | 1 | 0 |
_aUnidad y pluralidad en el mundo antiguo _b: actas del VI Congreso Español de Estudios Clásicos (Sevilla, 6-11 de abril de 1981). |
| 260 |
_aMadrid : _bGredos, _c[1983] |
||
| 300 |
_a2 v. : _bil., map. ; _c24 cm. |
||
| 594 | _aPrecede al tít.: Sociedad Española de Estudios Clásicos. | ||
| 650 | 4 |
_aFilosofía- _vCongresos y asambleas. _9171268 |
|
| 650 | 4 |
_aCivilización- _vCongresos y asambleas. _9171269 |
|
| 710 | 2 |
_aSociedad Española de Estudios Clásicos. _96720 |
|
| 852 |
_aES-MaACL _jL-4782-83 |
||
| 999 |
_c46757 _d46757 |
||